000 00524nam a22001937a 4500
003 KOHA_MİRAKIL
005 20250416174839.0
008 250416b tu ||||| |||| 00| 0 tur d
020 _a9786053325567
040 _aTR-AnABB
_btur
_cTR-AnABB
041 _atur
082 _a843.8
_bZOL 2015
100 1 _aZola, Emile,
245 1 0 _aNana /
_cEmile Zola /
260 _aİstanbul :
_bİstanbul Kültür Merkezi,
_c2015
300 _a492 sayfa ;
_c21 cm
650 0 4 _aFransız edebiyatı, roman
942 _2ddc
_cBK
999 _c8727
_d8727
900 _bGizem YORULMAZ